000 00538nam a2200193Ia 4500
001 58887
008 150811n2013 ii |||gr||||Z||||||465
020 _a978-81-316-0033-7
082 _a363.349
245 0 _aNatural Hazards and Disaster Management
_cR.B.Singh (Editor)
_hTextual Documents
250 _aIst ed.
260 _aRajasthan
_bRawat Publications
_c2013
300 _a2013:
_c19cm.
653 _aGeography
653 _aDisaster Management
653 _aDept-Geography
700 _aSingh, R.B.,
_eEditor.,
942 _2ddc
_cBK
999 _c58775
_d58775